000 00281nam a2200109Ia 4500
005 20251222154326.0
008 251222s9999||||xx |||||||||||||| ||spa||
082 _a378.008.5/G86
100 _a"Guerra-García, Roger"
245 0 _aDiélogo sobre la universidad peruana
942 _cLIB
999 _c33956
_d33956